Weak convergence of measures: applications in probability.
Guardado en:
| Autor Principal: | |
|---|---|
| Autor Corporativo: | |
| Formato: | Libro |
| Idioma: | English |
| Publicado: |
Philadelphia :
Society for Industrial and Applied Mathematics,
[c1971]
|
| Series: | Regional conference series in applied mathematics ;
5 |
| Materias: | |
| Etiquetas: |
Agregar Etiqueta
Sin Etiquetas, Sea el primero en etiquetar este registro!
|
| LEADER | 00979nam a2200265 a 4500 | ||
|---|---|---|---|
| 001 | MAT.inmabb005892 | ||
| 008 | 720504s1971####pau######b####000#0#eng## | ||
| 005 | 20130226124704.0 | ||
| 245 | 1 | 0 | |a Weak convergence of measures: applications in probability. |
| 260 | |a Philadelphia : |b Society for Industrial and Applied Mathematics, |c [c1971] | ||
| 300 | |a v, 31 p. ; |c 25 cm. | ||
| 440 | 0 | |a Regional conference series in applied mathematics ; |v 5 | |
| 500 | |a Based on ten lectures delivered at a regional conference in the mathematical sciences, Iowa City, Sept. 1970. | ||
| 504 | |a Bibliografía: p. 28-31. | ||
| 510 | 4 | |a MR, |c 46 #10031 | |
| 100 | 1 | |a Billingsley, Patrick. | |
| 710 | 2 | |a Society for Industrial and Applied Mathematics. | |
| 650 | 0 | |a Probabilities. | |
| 650 | 0 | |a Measure theory. | |
| 650 | 0 | |a Metric spaces. | |
| 650 | 0 | |a Convergence. | |
| 084 | |a 60B10 (60F05) |2 msc2000 | ||
| 010 | |a 72179427 | ||
| 040 | |a DLC |c DLC |d DLC | ||
| 859 | |h 60 |i B598w |p A-4562 |b BIB. MATEMATICA | ||
